000 00247nam a2200097Ia 4500
001 707643
005 20250826162512.0
008 250824s9999 xx 000 0 und d
245 0 _aSEKSEN GÜNDE DÜNYA TURU
_cJULES VERNE
260 _bTİMAŞ YAYINLARI
999 _c707643
_d707643